| 000 | 01127nam a2200289 i 4500 | ||
|---|---|---|---|
| 001 | 93417 | ||
| 003 | ES-MaACL | ||
| 005 | 20250624062857.0 | ||
| 007 | t| | ||
| 008 | 050526s1963 sp ||||1| spa d | ||
| 080 | _a730 Martí, Marcel (083.82) | ||
| 100 | 1 |
_aMartí, Marcel. _977195 |
|
| 245 | 1 | 0 |
_aMarcel Martí : _b[exposición, Sala del Prado del Ateneo de Madrid, 25 de enero-8 de febrero de 1963] / _c[texto, Rafael Santos Torroella]. |
| 260 |
_a[Madrid : _bs.n., _c1963] ( _fImp. Nacional del Boletín Oficial del Estado) |
||
| 300 |
_a[36] p. : _bprincipalmente il. ; _c21 cm. |
||
| 490 | 1 |
_aCuadernos de arte. Colección ordinaria ; _v104 |
|
| 600 | 1 | 4 |
_aMartí, Marcel- _vExposiciones. _977196 |
| 610 | 2 | 4 |
_aAteneo de Madrid- _vExposiciones- _y1960-1969. _91920 |
| 655 | 7 |
_2tgfbne _9193628 _aCatálogos de exposiciones |
|
| 700 | 1 |
_aSantos Torroella, Rafael. _9103536 |
|
| 710 | 2 |
_aAteneo de Madrid. _bSala del Prado. _91965 |
|
| 830 | 1 |
_aCuadernos de arte. Colección ordinaria _v104 _9180064 |
|
| 852 |
_aES-MaACL _j2193-F-6; |
||
| 852 |
_aES-MaACL _jG-13301(3). |
||
| 942 | _2udc | ||
| 999 |
_c93417 _d93417 |
||